MAASAI MARA UNIVERSITY

LIBRARY CATALOGUE

Contact Us: +254 020 2685356/7 or 0774 057787

Box: 861-20500, NAROK, KENYA

Email: info@mmarau.ac.ke

(Record no. 3092)

MARC details
000 -LEADER
fixed length control field 00429nam a2200133Ia 4500
008 - FIXED-LENGTH DATA ELEMENTS--GENERAL INFORMATION
fixed length control field 151015s9999 xx 000 0 und d
020 ## - INTERNATIONAL STANDARD BOOK NUMBER
International Standard Book Number 9.7807619504e+012
050 ## - LIBRARY OF CONGRESS CALL NUMBER
Classification number HN 385.5 .W35 2009
250 ## - EDITION STATEMENT
Edition statement _Social Psychology Identities Groups and Social Issues / edited by Margaret Wethrell
300 ## - PHYSICAL DESCRIPTION
Extent New Delhi : Sage , 2009
500 ## - GENERAL NOTE
General note Includes index
650 ## - SUBJECT ADDED ENTRY--TOPICAL TERM
Topical term or geographic name as entry element _Social Psychology
700 ## - ADDED ENTRY--PERSONAL NAME
Personal name ^d20120112 03:39:50^oanne

No items available.

© 2016 Maasai Mara University.